Advanced accounts (Record no. 3791)

000 -LEADER
fixed length control field 00583nam a22002291 4500
001 - CONTROL NUMBER
control field 3791
003 - CONTROL NUMBER IDENTIFIER
control field BD-DhUET
008 - FIXED-LENGTH DATA ELEMENTS--GENERAL INFORMATION
fixed length control field 740123s1966 ii k 000 0 eng
020 ## - INTERNATIONAL STANDARD BOOK NUMBER
International Standard Book Number 8121902789
040 ## - CATALOGING SOURCE
Original cataloging agency DLC
Transcribing agency DLC
Modifying agency BD-DhUET
082 00 - DEWEY DECIMAL CLASSIFICATION NUMBER
Classification number 657
Item number SHU/1999
100 1# - MAIN ENTRY--PERSONAL NAME
Personal name Shukla, M. C.
245 10 - TITLE STATEMENT
Title Advanced accounts
Statement of responsibility, etc. by M. C. Shukla and T. S. Grewal
250 ## - EDITION STATEMENT
Edition statement 14th ed.
260 ## - PUBLICATION, DISTRIBUTION, ETC. (IMPRINT)
Place of publication, distribution, etc. New Delhi
Name of publisher, distributor, etc. S, chand
Date of publication, distribution, etc. 1999
300 ## - PHYSICAL DESCRIPTION
Extent v.p.
Other physical details ill.
Dimensions 25 cm.
504 ## - BIBLIOGRAPHY, ETC. NOTE
Bibliography, etc Includes bibliographies
650 #0 - SUBJECT ADDED ENTRY--TOPICAL TERM
Topical term or geographic name as entry element Accounting
700 ## - ADDED ENTRY--PERSONAL NAME
Personal name Grewal, T. S.
700 ## - ADDED ENTRY--PERSONAL NAME
Personal name Gupta, S. C.
942 ## - ADDED ENTRY ELEMENTS (KOHA)
Koha item type General Book
Holdings
Koha full call number Not for loan Piece designation (barcode) Koha date last seen Price effective from Location (home branch) Lost status Shelving location Source of classification or shelving scheme Withdrawn status Damaged status Koha normalized classification for sorting Date acquired Koha item type Sublocation or collection (holding branch) Copy number
657/SHU/1999 936562014-11-052014-11-05Central Library, BUET Circulation section   657SHU19992014-11-05General BookCentral Library, BUET1
657/SHU/1999 936572014-11-052014-11-05Central Library, BUET Circulation section   657SHU19992014-11-05General BookCentral Library, BUET2
657/SHU/1999 936582014-11-052014-11-05Central Library, BUET Circulation section   657SHU19992014-11-05General BookCentral Library, BUET3
657/SHU/1999 936592014-11-052014-11-05Central Library, BUET Circulation section   657SHU19992014-11-05General BookCentral Library, BUET4
657/SHU/1999 936602014-11-052014-11-05Central Library, BUET Circulation section   657SHU19992014-11-05General BookCentral Library, BUET5
657/SHU/1999 936612014-11-052014-11-05Central Library, BUET Circulation section   657_000000000000000_SHU_19992014-11-05General BookCentral Library, BUET6
657/SHU/1999 936622014-11-052014-11-05Central Library, BUET Circulation section   657SHU19992014-11-05General BookCentral Library, BUET7
657/SHU/1999 936552014-11-052014-11-05Central Library, BUET Circulation section   657_000000000000000_SHU_19992014-11-05General BookCentral Library, BUET8
657/SHU/1999 936542015-06-202015-06-20Central Library, BUET Reading section   657_000000000000000_SHU_19992015-06-20Reading ItemCentral Library, BUET9
657/SHU/1999 936532015-06-202015-06-20Central Library, BUET Reading section   657_000000000000000_SHU_19992015-06-20Reading ItemCentral Library, BUET10